| 000 | 00514nam a2200181Ia 4500 | ||
|---|---|---|---|
| 999 |
_c15958 _d15958 |
||
| 003 | OSt | ||
| 005 | 20200606115838.0 | ||
| 008 | 190216s9999||||xx |||||||||||||| ||und|| | ||
| 020 | _a8170433932 | ||
| 040 | _cMESKC library | ||
| 082 |
_a891.433 _bVAS/B |
||
| 100 |
_aVashisht, Mahendre _9429 |
||
| 245 | 0 |
_aBargath Ka Nirmana / _cMahendre Vashisht |
|
| 260 |
_bAthmaram And Samse, _aDelhi: _c1999. |
||
| 300 | _a143p | ||
| 650 | _aHindi | ||
| 942 |
_cBK _2ddc _h891.433 _iVAS/B _k891.433 _mVAS/B |
||